000 01060nam a22003617a 4500
001 BR0504249
003 BR-BrBNA
005 20230928102017.0
007 ta
008 230509b bl.||||| |||| 00| 0 por d
040 _aBR-BrBNA
_bpor
_cBiblioteca Nacional de Agricultura
041 _a(Por)
072 _aE14; P01
090 _ E14 BR0504249
100 1 _aBezerra, M. do C.L.
100 1 _aVeiga, J.E. da(coords.)
110 1 _aInstituto Brasileiro do Meio Ambiente e dos Recursos Naturais Renováveis, Brasília, DF (Brasil)
245 1 _aAgricultura sustentável
260 3 _aBrasília, DF (Brasil):
_c2000.
300 _a190 p.
500 _aBibliography p. 165-180
650 _aMEIO AMBIENTE
650 _aDESENVOLVIMENTO SUSTENTÁVEL
650 _aAGRICULTURA SUSTENTÁVEL
650 _aECOSSISTEMA
650 _aBIODIVERSIDADE
650 _aEDUCAÇÃO AMBIENTAL
650 _aPOLÍTICA AMBIENTAL
650 _aPRESERVAÇÃO DA NATUREZA
650 _aLEGISLAÇÃO
909 _a202309
_bLucia
_c55
_dLucia Elande
942 _cBK
999 _c68686
_d68686